| 000 | 00000nas 2200000za 4500 |
| 001 | 9.502158 |
| 003 | CaOODSP |
| 005 | 20221107133039 |
| 007 | cr ||||||||||| |
| 008 | 150406d19972015oncar p o||||f0 |0fre|d |
| 022 | |a1917-7763 |
| 040 | |aCaOODSP|bfre |
| 043 | |an-cn-qu |
| 086 | 1 |aFs1-39F-PDF |
| 222 | 4|aLes pêches maritimes du Québec |b(En ligne) |
| 245 | 04|aLes pêches maritimes du Québec |h[ressource électronique] : |brevue statistique annuelle. |
| 260 | |aQuébec : |bPêches et Océans Canada, Service des statistiques |
| 310 | |aAnnuel |
| 362 | 1 |aParaît depuis 1997; ne paraît plus après 2014-2015. |
| 500 | |aPubl. aussi en anglais sous le titre : Quebec marine fisheries annual statistics review. |
| 691 | 07|aPêcheries|2gcpds |
| 710 | 1 |aCanada. |bMinistère des pêches et des océans. |bRégion du Québec. |
| 775 | 08|tQuebec marine fisheries |w(CaOODSP)9.505753 |